00785nam a22001937a 4500999001900000005001700019010001500036020002700051035001400078037001400092082001600106245007700122260005500199270008900254300002700343500006100370942003000431952013000461 c159426d15942620181217150127.0 aENG-124557 c1295.00a9789352807079 aEN-108089 bDBAD/PUB. a305.9080954 aDisability in south asia:ced. by Anita Ghaibknowledge and experience / aNew DelhibSage Publications India Pvt. Ltd.c2018 aB1/I-1, Mohan Cooperative Industrial Area Mathura Road Post Bag 7bNew Delhie110044 axliii,443p.c22cm.(Hb) aIt includes about the editor and contributors and index  2ddccENmDISh305.9080954 001040718NFICaDBADbBNd2018-12-17eDBAD/PUBg1295.00l0o305.9080954 DISpEN-108089r2018-12-17 00:00:00t1v1295.00yEN